TOP 10 najbardziej zakorkowanych polskich miast - Statystyki

Ogólne statystyki
  • Ten quiz został rozwiązany 29 razy
  • Średni wynik to 9 z 10
Statystyki odpowiedzi
Numer Miasto Czas (min) % Poprawnych
4. Kraków 24:00
100%
7. Trójmiasto 23:06
100%
5. Warszawa 23:25
100%
2. Poznań 27:04
96%
1. Wrocław 28:56
96%
3. Łódź 26:06
92%
8. Szczecin 22:40
92%
10. Białystok 19:25
88%
6. Bydgoszcz 23:07
88%
9. Lublin 21:45
80%
Nie znaleziono quizów pasujących do podanych kryteriów
Rozkład punktacji
Procent ludzi z każdym wynikiem
Percentyl według liczby udzielonych odpowiedzi
Twoja historia wyników
Nie rozwiązałeś tego quizu